<?xml version="1.0" encoding="UTF-8"?>
<record
    xmlns:xsi="http://www.w3.org/2001/XMLSchema-instance"
    xsi:schemaLocation="http://www.loc.gov/MARC21/slim http://www.loc.gov/standards/marcxml/schema/MARC21slim.xsd"
    xmlns="http://www.loc.gov/MARC21/slim">

  <leader>00587nam a22001337a 4500</leader>
  <datafield tag="040" ind1=" " ind2=" ">
    <subfield code="c">RUA</subfield>
  </datafield>
  <datafield tag="082" ind1=" " ind2=" ">
    <subfield code="a">AGR CHH 2015 B535 Or.1</subfield>
  </datafield>
  <datafield tag="100" ind1=" " ind2=" ">
    <subfield code="a">CHHAY SAMPHORS; &#x1786;&#x17B6;&#x1799; &#x179F;&#x1798;&#x17D2;&#x1795;&#x179F;&#x17D2;&#x179F;</subfield>
  </datafield>
  <datafield tag="245" ind1=" " ind2=" ">
    <subfield code="a">Yield potential of advanced rice breeding lines with medium duration in dry season, &#x179F;&#x1780;&#x17D2;&#x178A;&#x17B6;&#x1793;&#x17BB;&#x1796;&#x179B;&#x1791;&#x17B7;&#x1793;&#x17D2;&#x1793;&#x1795;&#x179B;&#x1793;&#x17C3;&#x179F;&#x17D2;&#x179A;&#x17A1;&#x17B6;&#x1799;&#x179F;&#x17D2;&#x179A;&#x17BC;&#x179C;&#x1780;&#x178E;&#x17D2;&#x178A;&#x17B6;&#x179B;&#x1793;&#x17C5;&#x1780;&#x17D2;&#x1793;&#x17BB;&#x1784;&#x179B;&#x1780;&#x17D2;&#x1781;&#x1781;&#x178E;&#x17D2;&#x178C;&#x179F;&#x17D2;&#x179A;&#x17BC;&#x179C;&#x1780;&#x178E;&#x17D2;&#x178A;&#x17B6;&#x179B;</subfield>
  </datafield>
  <datafield tag="260" ind1=" " ind2=" ">
    <subfield code="a">Phnom Penh</subfield>
    <subfield code="b">CHH</subfield>
    <subfield code="c">2015</subfield>
  </datafield>
  <datafield tag="300" ind1=" " ind2=" ">
    <subfield code="a">x,52p.</subfield>
    <subfield code="b">ill.</subfield>
    <subfield code="c">29cm.</subfield>
  </datafield>
  <datafield tag="856" ind1=" " ind2=" ">
    <subfield code="u">CHHAY SAMPHORS</subfield>
  </datafield>
  <datafield tag="942" ind1=" " ind2=" ">
    <subfield code="c">AGR</subfield>
  </datafield>
  <datafield tag="999" ind1=" " ind2=" ">
    <subfield code="c">10893</subfield>
    <subfield code="d">10893</subfield>
  </datafield>
  <datafield tag="952" ind1=" " ind2=" ">
    <subfield code="0">0</subfield>
    <subfield code="1">0</subfield>
    <subfield code="2">ddc</subfield>
    <subfield code="4">0</subfield>
    <subfield code="6">AGR_CHH_2015_000000000000000_B535_OR_1</subfield>
    <subfield code="7">0</subfield>
    <subfield code="9">57265</subfield>
    <subfield code="a">LBB</subfield>
    <subfield code="b">LBB</subfield>
    <subfield code="c">B535</subfield>
    <subfield code="d">2016-11-24</subfield>
    <subfield code="o">AGR CHH 2015 B535 Or.1</subfield>
    <subfield code="p">A03980</subfield>
    <subfield code="r">2017-09-26</subfield>
    <subfield code="w">2016-11-24</subfield>
    <subfield code="y">AGR</subfield>
  </datafield>
  <datafield tag="952" ind1=" " ind2=" ">
    <subfield code="0">0</subfield>
    <subfield code="1">0</subfield>
    <subfield code="2">ddc</subfield>
    <subfield code="4">0</subfield>
    <subfield code="6">AGR_CHH_2015_000000000000000_B535_OR_2</subfield>
    <subfield code="7">0</subfield>
    <subfield code="9">57266</subfield>
    <subfield code="a">LBB</subfield>
    <subfield code="b">LBB</subfield>
    <subfield code="c">B535</subfield>
    <subfield code="d">2016-11-24</subfield>
    <subfield code="o">AGR CHH 2015 B535 Or.2</subfield>
    <subfield code="p">A03835</subfield>
    <subfield code="r">2016-11-24</subfield>
    <subfield code="w">2016-11-24</subfield>
    <subfield code="y">AGR</subfield>
  </datafield>
  <datafield tag="952" ind1=" " ind2=" ">
    <subfield code="0">0</subfield>
    <subfield code="1">0</subfield>
    <subfield code="2">ddc</subfield>
    <subfield code="4">0</subfield>
    <subfield code="6">AGR_CHH_2015_000000000000000_B535_OR_3</subfield>
    <subfield code="7">0</subfield>
    <subfield code="9">57267</subfield>
    <subfield code="a">LBB</subfield>
    <subfield code="b">LBB</subfield>
    <subfield code="c">B535</subfield>
    <subfield code="d">2016-11-24</subfield>
    <subfield code="o">AGR CHH 2015 B535 Or.3</subfield>
    <subfield code="p">A03910</subfield>
    <subfield code="r">2016-11-24</subfield>
    <subfield code="w">2016-11-24</subfield>
    <subfield code="y">AGR</subfield>
  </datafield>
  <datafield tag="952" ind1=" " ind2=" ">
    <subfield code="0">0</subfield>
    <subfield code="1">0</subfield>
    <subfield code="2">ddc</subfield>
    <subfield code="4">0</subfield>
    <subfield code="6">AGR_CHH_2015_000000000000000_B535_OR_4</subfield>
    <subfield code="7">0</subfield>
    <subfield code="9">57268</subfield>
    <subfield code="a">LBB</subfield>
    <subfield code="b">LBB</subfield>
    <subfield code="c">B535</subfield>
    <subfield code="d">2016-11-24</subfield>
    <subfield code="o">AGR CHH 2015 B535 Or.4</subfield>
    <subfield code="p">A04405</subfield>
    <subfield code="r">2016-11-24</subfield>
    <subfield code="w">2016-11-24</subfield>
    <subfield code="y">AGR</subfield>
  </datafield>
  <datafield tag="952" ind1=" " ind2=" ">
    <subfield code="0">0</subfield>
    <subfield code="1">0</subfield>
    <subfield code="2">ddc</subfield>
    <subfield code="4">0</subfield>
    <subfield code="6">AGR_CHH_2015_000000000000000_B535_OR_5</subfield>
    <subfield code="7">0</subfield>
    <subfield code="9">57269</subfield>
    <subfield code="a">LBB</subfield>
    <subfield code="b">LBB</subfield>
    <subfield code="c">B535</subfield>
    <subfield code="d">2016-11-24</subfield>
    <subfield code="l">1</subfield>
    <subfield code="o">AGR CHH 2015 B535 Or.5</subfield>
    <subfield code="p">A03348</subfield>
    <subfield code="r">2019-12-23</subfield>
    <subfield code="s">2019-12-18</subfield>
    <subfield code="w">2016-11-24</subfield>
    <subfield code="y">AGR</subfield>
  </datafield>
  <datafield tag="952" ind1=" " ind2=" ">
    <subfield code="0">0</subfield>
    <subfield code="1">0</subfield>
    <subfield code="2">ddc</subfield>
    <subfield code="4">0</subfield>
    <subfield code="6">AGR_CHH_2015_000000000000000_B535_OR_6</subfield>
    <subfield code="7">0</subfield>
    <subfield code="9">57270</subfield>
    <subfield code="a">LBB</subfield>
    <subfield code="b">LBB</subfield>
    <subfield code="c">B535</subfield>
    <subfield code="d">2016-11-24</subfield>
    <subfield code="o">AGR CHH 2015 B535 Or.6</subfield>
    <subfield code="p">A03890</subfield>
    <subfield code="r">2016-11-24</subfield>
    <subfield code="w">2016-11-24</subfield>
    <subfield code="y">AGR</subfield>
  </datafield>
  <datafield tag="952" ind1=" " ind2=" ">
    <subfield code="0">0</subfield>
    <subfield code="1">0</subfield>
    <subfield code="2">ddc</subfield>
    <subfield code="4">0</subfield>
    <subfield code="6">AGR_CHH_2015_000000000000000_B535_OR_7</subfield>
    <subfield code="7">0</subfield>
    <subfield code="9">57271</subfield>
    <subfield code="a">LBB</subfield>
    <subfield code="b">LBB</subfield>
    <subfield code="c">B535</subfield>
    <subfield code="d">2016-11-24</subfield>
    <subfield code="o">AGR CHH 2015 B535 Or.7</subfield>
    <subfield code="p">A03965</subfield>
    <subfield code="r">2016-11-24</subfield>
    <subfield code="w">2016-11-24</subfield>
    <subfield code="y">AGR</subfield>
  </datafield>
  <datafield tag="952" ind1=" " ind2=" ">
    <subfield code="0">0</subfield>
    <subfield code="1">0</subfield>
    <subfield code="2">ddc</subfield>
    <subfield code="4">0</subfield>
    <subfield code="6">AGR_CHH_2015_000000000000000_B535_OR_8</subfield>
    <subfield code="7">0</subfield>
    <subfield code="9">57272</subfield>
    <subfield code="a">LBB</subfield>
    <subfield code="b">LBB</subfield>
    <subfield code="c">B535</subfield>
    <subfield code="d">2016-11-24</subfield>
    <subfield code="l">1</subfield>
    <subfield code="o">AGR CHH 2015 B535 Or.8</subfield>
    <subfield code="p">A04040</subfield>
    <subfield code="r">2024-01-03</subfield>
    <subfield code="s">2023-12-07</subfield>
    <subfield code="w">2016-11-24</subfield>
    <subfield code="y">AGR</subfield>
  </datafield>
</record>
